000 00963nam1a22002531i 4500
001 rc\3018233
005 20240726014342.0
035 _a(NLR Aleph) 007160453
090 _a7243805
_c7243806
100 _a20110926d1940 |||y0rusy50 ca
101 0 _arus
102 _aRU
105 _ay z |||||
200 1 _aИнструментальное дело
_eВып. 1
_fСост. инж. Н.Ф. Логачев
_gред. проф. С.С. Четвериков
210 _aМосква
_cВНИТОМАШ
_d1940
215 _d29 см
225 1 _aОбзоры иностранной техники
_fВсесоюз. науч. инженерно-техн. о-во машиностроит. (ВНИТОМАШ)
_aСерия 2-я
300 _aВзамен утерянных
702 1 _aЛогачев
_bН.Ф.
_4220
702 1 _aЧетвериков
_bС.С.
_4340
801 0 _aRU
_bNLR
_gpsbo
801 1 _aRU
_bELAR
_2rusmarc
852 _aNLR
_j40-20/23(2-1)
942 _cBOOK